[Event "SE-2014-0-00168"]
[Site "LSS email"]
[Date "2014.05.29"]
[Round "?"]
[White "Van de Peut, Aart A"]
[Black "Astralov, Valeriy"]
[Result "0-1"]
[WhiteElo "1315"]
[BlackElo "1499"]
[PlyCount "72"]
[EventDate "2014.04.22"]
[EventType "tourn (corr)"]
[EventRounds "6"]
[EventCountry "GER"]
[SourceTitle "Corr 2015"]
[Source "ChessBase"]
[SourceDate "2015.07.17"]
[SourceVersion "1"]
[SourceVersionDate "2015.07.17"]
[SourceQuality "1"]

1. d4 Nf6 2. c4 e6 3. Nc3 Bb4 4. Qc2 0-0 5. a3 Bxc3+ 6. Qxc3 b6 7. Bg5 Bb7 8. f3 h6 9. Bh4 d5 10. e3 Re8 11. Nh3 Nbd7 12. cxd5 exd5 13. Be2 Rc8 14. Bf2 c5 15. 0-0 Qe7 16. Rfe1 g5 17. Rad1 c4 18. Rc1 Bc6 19. Qc2 Nf8 20. b3 b5 21. bxc4 bxc4 22. e4 dxe4 23. Bxc4 Bb5 24. Qb3 Bxc4 25. Rxc4 Rxc4 26. Qxc4 Qxa3 27. Qc6 e3 28. Bg3 Kg7 29. Be5 N8d7 30. Qb5 Qc3 31. Kf1 Nxe5 32. dxe5 Rxe5 33. Qe2 Nd5 34. f4 gxf4 35. Qg4+ Kh7 36. Nxf4 e2+ 0-1

[Event "BI-2014-P-0031"]
[Site "LSS email"]
[Date "2014.04.19"]
[Round "?"]
[White "Dziedzina, Michael"]
[Black "Van de Peut, Aart A"]
[Result "1-0"]
[WhiteElo "2222"]
[BlackElo "1315"]
[PlyCount "49"]
[EventDate "2014.04.25"]
[EventType "tourn (corr)"]
[EventRounds "10"]
[EventCountry "GER"]
[SourceTitle "Corr 2015"]
[Source "ChessBase"]
[SourceDate "2015.07.17"]
[SourceVersion "1"]
[SourceVersionDate "2015.07.17"]
[SourceQuality "1"]

1. e4 e6 2. d4 d5 3. Nd2 Nf6 4. e5 Nfd7 5. c3 c5 6. f4 Nc6 7. Ndf3 Qb6 8. Ne2 Be7 9. g3 cxd4 10. cxd4 f6 11. exf6 Nxf6 12. Nc3 0-0 13. a3 a6 14. Bh3 Ne4 15. 0-0 Bf6 16. Be3 Nxc3 17. bxc3 e5 18. Bxc8 Raxc8 19. Rb1 Qa7 20. fxe5 Nxe5 21. Nxe5 Bxe5 22. Qg4 Rce8 23. Rxf8+ Kxf8 24. Rf1+ Bf6 25. Bh6 1-0

[Event "BI-2014-P-0031"]
[Site "LSS email"]
[Date "2014.04.19"]
[Round "?"]
[White "Van de Peut, Aart A"]
[Black "Vodicka, Milan"]
[Result "0-1"]
[WhiteElo "1315"]
[BlackElo "1933"]
[PlyCount "50"]
[EventDate "2014.04.25"]
[EventType "tourn (corr)"]
[EventRounds "10"]
[EventCountry "GER"]
[SourceTitle "Corr 2015"]
[Source "ChessBase"]
[SourceDate "2015.07.17"]
[SourceVersion "1"]
[SourceVersionDate "2015.07.17"]
[SourceQuality "1"]

1. d4 d5 2. c4 c6 3. Nf3 Nf6 4. Nc3 dxc4 5. a4 Bf5 6. Ne5 Nbd7 7. Nxc4 Qc7 8. g3 Be6 9. Bf4 Qd8 10. e4 Bxc4 11. Bxc4 e6 12. 0-0 Qa5 13. d5 e5 14. Be3 Bc5 15. Qe2 Bxe3 16. Qxe3 0-0 17. Rab1 Qb4 18. b3 Rfd8 19. Rfc1 Nb6 20. dxc6 bxc6 21. Qg5 Nxc4 22. bxc4 Qa5 23. h4 Rd3 24. Nd1 Qe1+ 25. Kh2 Qxe4 0-1

[Event "BI-2014-P-0031"]
[Site "LSS email"]
[Date "2014.04.19"]
[Round "?"]
[White "Wisham, Clyde"]
[Black "Van de Peut, Aart A"]
[Result "1-0"]
[WhiteElo "1811"]
[BlackElo "1315"]
[PlyCount "77"]
[EventDate "2014.04.25"]
[EventType "tourn (corr)"]
[EventRounds "10"]
[EventCountry "GER"]
[SourceTitle "Corr 2015"]
[Source "ChessBase"]
[SourceDate "2015.07.17"]
[SourceVersion "1"]
[SourceVersionDate "2015.07.17"]
[SourceQuality "1"]

1. d4 Nf6 2. c4 g6 3. g3 Bg7 4. Bg2 d5 5. cxd5 Nxd5 6. Nf3 Nb6 7. Nc3 Nc6 8. e3 0-0 9. 0-0 Re8 10. Re1 a5 11. Qe2 Be6 12. Rd1 Bc4 13. Qc2 Nb4 14. Qb1 e5 15. Nxe5 Bxe5 16. b3 Bd3 17. Rxd3 Nxd3 18. Qxd3 c6 19. Bb2 Bg7 20. Ne4 Nd5 21. a3 Qe7 22. Nd2 Rad8 23. Nc4 Qc7 24. Qd2 b6 25. e4 Nf6 26. e5 Nd7 27. f4 Nb8 28. Rc1 f6 29. b4 fxe5 30. fxe5 axb4 31. Qxb4 Bh6 32. Re1 b5 33. Nd6 Rxd6 34. exd6 Rxe1+ 35. Qxe1 Qxd6 36. d5 cxd5 37. Qe8+ Bf8 38. Bh3 Qc5+ 39. Kh1 1-0

[Event "SE-2013-0-00155"]
[Site "LSS email"]
[Date "2014.01.10"]
[Round "?"]
[White "Metz, Larry R"]
[Black "Van de Peut, Aart A"]
[Result "1-0"]
[WhiteElo "1368"]
[BlackElo "1288"]
[PlyCount "53"]
[EventDate "2013.11.12"]
[EventType "tourn (corr)"]
[EventRounds "6"]
[EventCountry "GER"]
[SourceTitle "Telechess CBM 167"]
[Source "ChessBase"]
[SourceDate "2015.07.13"]
[SourceVersion "1"]
[SourceVersionDate "2015.07.13"]
[SourceQuality "1"]

1. e4 e5 2. Nf3 Nc6 3. Bc4 Bc5 4. c3 Nf6 5. d4 exd4 6. cxd4 Bb4+ 7. Bd2 Bxd2+ 8. Nbxd2 d5 9. exd5 Nxd5 10. Qb3 Na5 11. Qa4+ Nc6 12. Bb5 Bd7 13. Qb3 Nce7 14. Bc4 Bc6 15. 0-0 b5 16. Bxb5 Rb8 17. Bxc6+ Nxc6 18. Rfe1+ Nde7 19. Qc3 0-0 20. a3 Qd5 21. Rac1 Rfd8 22. b4 Rd6 23. Qe3 Re6 24. Qd3 Rxe1+ 25. Rxe1 Nf5 26. Nb3 Rd8 27. b5 1-0